<The> computable general equilibrium model of the Slovak economy
Guardado en:
| Autor principal: | |
|---|---|
| Otros Autores: | |
| Formato: | Capítulo de libro |
| Lenguaje: | inglés |
| Etiquetas: |
Sin Etiquetas, Sea el primero en etiquetar este registro!
|
MARC
| LEADER | 00000naa$a2200000$$$4500 | ||
|---|---|---|---|
| 001 | 0107417 | ||
| 005 | 20240502083252.2 | ||
| 041 | 0 | |a eng | |
| 044 | |a CZ | ||
| 245 | 1 | 0 | |a <The> computable general equilibrium model of the Slovak economy |c Vladimír Mlynarovič, Adriana Ištvániková |
| 100 | 1 | |a Mlynarovič, Vladimír | |
| 700 | 1 | |a Ištvániková, Adriana, 1971- | |